<?xml version="1.0" encoding="UTF-8"?>
<record
    xmlns:xsi="http://www.w3.org/2001/XMLSchema-instance"
    xsi:schemaLocation="http://www.loc.gov/MARC21/slim http://www.loc.gov/standards/marcxml/schema/MARC21slim.xsd"
    xmlns="http://www.loc.gov/MARC21/slim">

  <leader>00432nam a2200157   4500</leader>
  <controlfield tag="003">SEACOMEC</controlfield>
  <controlfield tag="005">20250416123719.0</controlfield>
  <controlfield tag="008">250416b        |||||||| |||| 00| 0 eng d</controlfield>
  <datafield tag="020" ind1=" " ind2=" ">
    <subfield code="a">8176601497</subfield>
    <subfield code="c">370.00</subfield>
  </datafield>
  <datafield tag="040" ind1=" " ind2=" ">
    <subfield code="a">SEACOMEC</subfield>
  </datafield>
  <datafield tag="082" ind1=" " ind2=" ">
    <subfield code="a">621.3815</subfield>
    <subfield code="b">C487</subfield>
  </datafield>
  <datafield tag="100" ind1=" " ind2=" ">
    <subfield code="a">haskar, Uttam M</subfield>
  </datafield>
  <datafield tag="245" ind1=" " ind2=" ">
    <subfield code="a">Modern Digital Electronic/ </subfield>
    <subfield code="c">U M Chaskar. &amp; S L Patil, </subfield>
  </datafield>
  <datafield tag="260" ind1=" " ind2=" ">
    <subfield code="a">kolkata:</subfield>
    <subfield code="b"> Everest Publishing House, </subfield>
    <subfield code="c">2010</subfield>
  </datafield>
  <datafield tag="942" ind1=" " ind2=" ">
    <subfield code="c">BOOK</subfield>
  </datafield>
  <datafield tag="952" ind1=" " ind2=" ">
    <subfield code="0">0</subfield>
    <subfield code="1">0</subfield>
    <subfield code="2">ddc</subfield>
    <subfield code="4">0</subfield>
    <subfield code="7">0</subfield>
    <subfield code="a">SEACOMEC</subfield>
    <subfield code="b">SEACOMEC</subfield>
    <subfield code="d">2010-02-13</subfield>
    <subfield code="l">0</subfield>
    <subfield code="o">621.3815 C487</subfield>
    <subfield code="p">16037</subfield>
    <subfield code="r">2025-04-16 12:36:06</subfield>
    <subfield code="w">2025-04-16</subfield>
    <subfield code="y">REF</subfield>
  </datafield>
  <datafield tag="952" ind1=" " ind2=" ">
    <subfield code="0">0</subfield>
    <subfield code="1">0</subfield>
    <subfield code="2">ddc</subfield>
    <subfield code="4">0</subfield>
    <subfield code="7">0</subfield>
    <subfield code="a">SEACOMEC</subfield>
    <subfield code="b">SEACOMEC</subfield>
    <subfield code="d">2010-02-13</subfield>
    <subfield code="l">0</subfield>
    <subfield code="o">621.3815 C487</subfield>
    <subfield code="p">16038</subfield>
    <subfield code="r">2025-04-16 12:36:06</subfield>
    <subfield code="t">1</subfield>
    <subfield code="w">2025-04-16</subfield>
    <subfield code="y">BOOK</subfield>
  </datafield>
  <datafield tag="952" ind1=" " ind2=" ">
    <subfield code="0">0</subfield>
    <subfield code="1">0</subfield>
    <subfield code="2">ddc</subfield>
    <subfield code="4">0</subfield>
    <subfield code="7">0</subfield>
    <subfield code="a">SEACOMEC</subfield>
    <subfield code="b">SEACOMEC</subfield>
    <subfield code="d">2010-02-13</subfield>
    <subfield code="l">0</subfield>
    <subfield code="o">621.3815 C487</subfield>
    <subfield code="p">16039</subfield>
    <subfield code="r">2025-04-16 12:36:06</subfield>
    <subfield code="t">2</subfield>
    <subfield code="w">2025-04-16</subfield>
    <subfield code="y">BOOK</subfield>
  </datafield>
  <datafield tag="952" ind1=" " ind2=" ">
    <subfield code="0">0</subfield>
    <subfield code="1">0</subfield>
    <subfield code="2">ddc</subfield>
    <subfield code="4">0</subfield>
    <subfield code="7">0</subfield>
    <subfield code="a">SEACOMEC</subfield>
    <subfield code="b">SEACOMEC</subfield>
    <subfield code="d">2010-02-13</subfield>
    <subfield code="l">0</subfield>
    <subfield code="o">621.3815 C487</subfield>
    <subfield code="p">16040</subfield>
    <subfield code="r">2025-04-16 12:36:06</subfield>
    <subfield code="t">3</subfield>
    <subfield code="w">2025-04-16</subfield>
    <subfield code="y">BOOK</subfield>
  </datafield>
  <datafield tag="952" ind1=" " ind2=" ">
    <subfield code="0">0</subfield>
    <subfield code="1">0</subfield>
    <subfield code="2">ddc</subfield>
    <subfield code="4">0</subfield>
    <subfield code="7">0</subfield>
    <subfield code="a">SEACOMEC</subfield>
    <subfield code="b">SEACOMEC</subfield>
    <subfield code="d">2010-02-13</subfield>
    <subfield code="l">0</subfield>
    <subfield code="o">621.3815 C487</subfield>
    <subfield code="p">16041</subfield>
    <subfield code="r">2025-04-16 12:36:06</subfield>
    <subfield code="t">4</subfield>
    <subfield code="w">2025-04-16</subfield>
    <subfield code="y">BOOK</subfield>
  </datafield>
  <datafield tag="999" ind1=" " ind2=" ">
    <subfield code="c">2195</subfield>
    <subfield code="d">2195</subfield>
  </datafield>
</record>
